[Event "DJK Aufwärts Aachen 2 - SK Königsspring"]
[Site "NRW-Klasse, Gruppe 2 2014/201"]
[Date "2014.10.05"]
[Round "2.8"]
[White "Hennicken, Reinhard"]
[Black "Schartau, Bernd"]
[Result "1/2-1/2"]
[WhiteElo "2022"]
[BlackElo "1926"]
[PlyCount "52"]
[EventDate "2014.??.??"]
[WhiteTeam "DJK Aufwärts Aachen 2"]
[BlackTeam "SK Königsspringer Iserlohn 1"]

1. e4 d5 2. exd5 Qxd5 3. Nc3 Qd6 4. d4 Nf6 5. Nf3 c6 6. Ne5 Nbd7 7. Nc4 Qc7 8.
g3 Nd5 9. Nxd5 cxd5 10. Bf4 Qc6 11. Ne3 e6 12. c3 Be7 13. h4 Bd6 14. Bxd6 Qxd6
15. Bd3 O-O 16. Qc2 f5 17. O-O-O Nf6 18. Ng2 Bd7 19. Qe2 Rab8 20. Nf4 b5 21.
Kb1 a5 22. f3 Rb6 23. h5 Rc8 24. Rhe1 Qc6 25. Rc1 Qb7 26. Qe5 Qc7 1/2-1/2

[Event "Bahn-SC Wuppertal 1 - SK Münster 1"]
[Site "NRW-Klasse, Gruppe 2 2014/201"]
[Date "2014.10.05"]
[Round "2.1"]
[White "Wolter, Kai"]
[Black "Savchenko, Vyacheslav"]
[Result "1-0"]
[WhiteElo "2269"]
[BlackElo "2345"]
[PlyCount "77"]
[EventDate "2014.??.??"]
[WhiteTeam "SK Münster 1"]
[BlackTeam "Bahn-SC Wuppertal 1"]

1. e4 c5 2. Nf3 e6 3. d4 cxd4 4. Nxd4 Nf6 5. Nc3 d6 6. Be2 Nc6 7. O-O Be7 8.
Be3 a6 9. f4 O-O 10. Kh1 Bd7 11. Qe1 b5 12. a3 Qb8 13. Bf3 Nxd4 14. Bxd4 e5 15.
Be3 Bc6 16. Rd1 Qb7 17. fxe5 dxe5 18. Bg5 Rfe8 19. Bxf6 Bxf6 20. Nd5 Bg5 21.
Qg3 h6 22. Bh5 g6 23. Be2 Rad8 24. c4 Kg7 25. Qf2 Bxd5 26. cxd5 Rd6 27. Bg4 h5
28. Bh3 Re7 29. Rd3 Rc7 30. g3 Bd8 31. Be6 f6 32. g4 hxg4 33. Bxg4 Qb6 34. Qg2
Kf8 35. Be6 Kg7 36. Bf5 g5 37. Qh3 Kg8 38. Qh5 Re7 39. Rh3 1-0

[Event "Bahn-SC Wuppertal 1 - SK Münster 1"]
[Site "NRW-Klasse, Gruppe 2 2014/201"]
[Date "2014.10.05"]
[Round "2.2"]
[White "Khanukov, Boris"]
[Black "Webb, Laurence"]
[Result "1/2-1/2"]
[WhiteElo "2174"]
[BlackElo "2222"]
[PlyCount "92"]
[EventDate "2014.??.??"]
[WhiteTeam "Bahn-SC Wuppertal 1"]
[BlackTeam "SK Münster 1"]

1. Nf3 Nf6 2. d4 c5 3. e3 e6 4. Bd3 d5 5. O-O Nc6 6. b3 Bd6 7. Bb2 O-O 8. Nbd2
b6 9. Ne5 Bb7 10. a3 Rc8 11. f4 a6 12. Qf3 b5 13. dxc5 Bxc5 14. Rad1 Qe7 15. b4
Bb6 16. Nxc6 Bxc6 17. Qh3 Ne4 18. c4 bxc4 19. Bxe4 dxe4 20. Nxc4 Bc7 21. Qg3 f6
22. Bd4 Rfd8 23. Bc5 Qe8 24. Nb2 Bb5 25. Rxd8 Rxd8 26. Rd1 Rxd1+ 27. Nxd1 Qd7
28. Nf2 e5 29. h4 Qf5 30. Ng4 Kf7 31. fxe5 Bxe5 32. Nxe5+ Qxe5 33. Qxe5 fxe5
34. Kf2 Ke6 35. g4 g6 36. Kg3 Be8 37. Bf8 Bb5 38. Bg7 Bd7 39. Bh6 Bb5 40. Kf2
Kd5 41. Bg7 h5 42. gxh5 gxh5 43. Ke1 Ba4 44. Kd2 Bb3 45. Kc3 Ba4 46. Bf8 Bd1
1/2-1/2

[Event "Bahn-SC Wuppertal 1 - SK Münster 1"]
[Site "NRW-Klasse, Gruppe 2 2014/201"]
[Date "2014.10.05"]
[Round "2.3"]
[White "Chilla, Jan Eric"]
[Black "Savchenko, Aleksij"]
[Result "1/2-1/2"]
[WhiteElo "2189"]
[BlackElo "2191"]
[PlyCount "141"]
[EventDate "2014.??.??"]
[WhiteTeam "SK Münster 1"]
[BlackTeam "Bahn-SC Wuppertal 1"]

1. Nf3 c5 2. b3 Nf6 3. Bb2 e6 4. g3 b6 5. Bg2 Bb7 6. O-O Be7 7. c4 Qc7 8. Nc3
a6 9. e3 O-O 10. Qe2 d5 11. Rac1 dxc4 12. bxc4 Nbd7 13. Ne1 Bxg2 14. Nxg2 Qb7
15. a4 Rab8 16. d3 Ne8 17. Rb1 Bf6 18. Ne4 Bxb2 19. Rxb2 Qc6 20. Nc3 Nd6 21.
Rfb1 Rb7 22. Ne1 Rfb8 23. Nc2 g6 24. f4 h5 25. Qg2 Qxg2+ 26. Kxg2 Kf8 27. Kf3
Ke7 28. Na3 Kd8 29. h3 Kc7 30. Nc2 Rd8 31. Na1 Nb8 32. a5 bxa5 33. Nb3 Nd7 34.
Nxa5 Rxb2 35. Rxb2 Rb8 36. Rxb8 Nxb8 37. Na4 Nd7 38. Nb3 Nb7 39. g4 hxg4+ 40.
hxg4 Kc6 41. g5 Nb6 42. Nxb6 Kxb6 43. Ke4 Na5 44. Nxa5 Kxa5 45. Ke5 Kb4 46. Kf6
a5 47. Kxf7 a4 48. Kxg6 a3 49. Kf7 a2 50. g6 a1=Q 51. g7 Qa7+ 52. Kf8 Qb8+ 53.
Kf7 Qc7+ 54. Kf8 Qd8+ 55. Kf7 Qd7+ 56. Kf8 Qxd3 57. g8=Q Qxe3 58. Qf7 Qe4 59.
Ke7 Qxc4 60. Qf6 Qe4 61. Qb2+ Kc4 62. Qa2+ Kc3 63. Qa3+ Kd4 64. Qb2+ Ke3 65.
Qc1+ Kf3 66. Qxc5 Kxf4 67. Qf2+ Kg4 68. Qf6 e5 69. Ke6 Qc6+ 70. Kxe5 Qxf6+ 71.
Kxf6 1/2-1/2

[Event "Bahn-SC Wuppertal 1 - SK Münster 1"]
[Site "NRW-Klasse, Gruppe 2 2014/201"]
[Date "2014.10.05"]
[Round "2.4"]
[White "Tueckmantel, Rene"]
[Black "Molinaroli, Martin"]
[Result "1-0"]
[WhiteElo "2101"]
[BlackElo "2245"]
[PlyCount "153"]
[EventDate "2014.??.??"]
[WhiteTeam "Bahn-SC Wuppertal 1"]
[BlackTeam "SK Münster 1"]

1. c4 g6 2. g3 Bg7 3. Bg2 c5 4. Nf3 Nc6 5. O-O Nh6 6. Nc3 Nf5 7. d3 O-O 8. Bd2
e6 9. Ne1 Nfe7 10. a3 d5 11. b3 b6 12. Rb1 dxc4 13. bxc4 Bb7 14. Nb5 Qd7 15.
Nc2 Rfd8 16. Qc1 Nf5 17. Re1 Ne5 18. Bxb7 Qxb7 19. Ne3 Nd4 20. Nxd4 cxd4 21.
Ng2 Nd7 22. a4 e5 23. a5 Nc5 24. Qa3 Qc6 25. Rb5 Bf8 26. Reb1 Ne4 27. Qb2 Nxd2
28. Qxd2 Bc5 29. Ne1 Kg7 30. Nc2 e4 31. Nb4 Bxb4 32. R1xb4 exd3 33. Qxd3 bxa5
34. Rxa5 Rd7 35. Rba4 Rb8 36. Rxa7 Rxa7 37. Rxa7 Rd8 38. Ra2 Kg8 39. Rd2 Rc8
40. Rc2 Qc5 41. Kg2 h5 42. Qf3 Kg7 43. Qe4 Rc7 44. e3 dxe3 45. Qxe3 Qc6+ 46. f3
Qf6 47. Qc3 Qxc3 48. Rxc3 Kf6 49. Kf2 Ke5 50. Ke3 Re7 51. Rd3 Ra7 52. f4+ Ke6
53. c5 Ra2 54. Rd6+ Ke7 55. Rd2 Ra4 56. Rd4 Ra2 57. Kd3 Rxh2 58. c6 Ra2 59.
Rd7+ Ke8 60. Kc4 h4 61. gxh4 Ra4+ 62. Kc5 Rxf4 63. Rd3 Rf1 64. c7 Rc1+ 65. Kb6
Rb1+ 66. Ka5 Ra1+ 67. Kb6 Rb1+ 68. Kc6 Rc1+ 69. Kb7 Rb1+ 70. Kc8 Ke7 71. Re3+
Kf6 72. Re4 Rc1 73. Kd7 Rd1+ 74. Kc6 Rc1+ 75. Kd6 g5 76. hxg5+ Kxg5 77. Re5+
1-0

[Event "Bahn-SC Wuppertal 1 - SK Münster 1"]
[Site "NRW-Klasse, Gruppe 2 2014/201"]
[Date "2014.10.05"]
[Round "2.5"]
[White "Bolwerk, Peter"]
[Black "Werbeck, Torsten"]
[Result "0-1"]
[WhiteElo "2184"]
[BlackElo "2098"]
[Annotator "Hausrath,Daniel"]
[PlyCount "124"]
[EventDate "2014.??.??"]
[WhiteTeam "SK Münster 1"]
[BlackTeam "Bahn-SC Wuppertal 1"]

1. e4 e6 2. d4 d5 3. Nc3 Nf6 4. e5 Nfd7 5. f4 c5 6. Nf3 a6 7. Be3 Nc6 8. Qd2 b5
9. a3 cxd4 10. Nxd4 Nxd4 11. Bxd4 Bc5 12. Rd1 Qb6 13. Be2 Bxd4 14. Qxd4 Qxd4
15. Rxd4 Nb8 16. O-O O-O 17. Bf3 Bb7 18. Re1 Nc6 19. Rd2 Na5 20. b3 Rac8 21.
Ne2 g6 $11 22. Nd4 Nc6 23. Nxc6 Rxc6 24. Be2 Rfc8 25. Bd3 h5 26. Kf2 Rc3 27.
Ke3 Kg7 28. Kd4 R3c5 29. Ra1 R5c7 30. b4 Rc3 31. a4 bxa4 32. Rxa4 R8c7 33. Ra2
R3c6 34. Rd1 Bc8 35. Rb1 Kf8 36. Rb3 Rb6 37. Ra5 Ke7 38. Rc5 Kd8 39. c3 Rcc6
40. Ra3 Kc7 41. Raa5 Bb7 42. g3 Bc8 43. b5 axb5 44. Ra7+ Bb7 45. Bxb5 Kb8 46.
Bxc6 Kxa7 47. Be8 Rb2 48. Rc7 Kb6 49. Rxf7 Rxh2 50. Rf6 Rd2+ 51. Ke3 Rc2 52.
Kd3 Rf2 53. Rxe6+ Kc5 54. Rxg6 h4 55. gxh4 Rxf4 56. h5 Rf3+ 57. Kd2 Rf5 58. h6
d4 59. cxd4+ Kxd4 60. Rg4+ Kxe5 61. h7 Rf2+ 62. Ke1 Rh2 {ZÜ} 0-1

[Event "Bahn-SC Wuppertal 1 - SK Münster 1"]
[Site "NRW-Klasse, Gruppe 2 2014/201"]
[Date "2014.10.05"]
[Round "2.6"]
[White "Bogorad, Michail"]
[Black "Kamp, Christoph"]
[Result "0-1"]
[WhiteElo "2040"]
[BlackElo "2169"]
[PlyCount "86"]
[EventDate "2014.??.??"]
[WhiteTeam "Bahn-SC Wuppertal 1"]
[BlackTeam "SK Münster 1"]

1. e4 e6 2. Qe2 Be7 3. g3 d5 4. d3 Nf6 5. Bg2 c5 6. Nf3 Nc6 7. O-O b6 8. e5 Nd7
9. Re1 g5 10. h3 h5 11. g4 hxg4 12. hxg4 Bb7 13. Nbd2 Qc7 14. Nf1 O-O-O 15. c3
Rdg8 16. Bd2 Kb8 17. d4 Nf8 18. Ng3 Qd8 19. a4 Ng6 20. dxc5 bxc5 21. a5 Nf4 22.
Qb5 a6 23. Qb6 Qxb6 24. axb6 Nd3 25. Re2 Nxb2 26. Bxg5 Nc4 27. Bxe7 Nxe7 28. g5
Ng6 29. Rb1 Nh4 30. Nxh4 Rxh4 31. Bf3 Rxg5 32. Rbe1 d4 33. Bxb7 Kxb7 34. cxd4
cxd4 35. Kg2 d3 36. Ra2 Rxe5 37. Rxe5 Nxe5 38. f3 Rc4 39. Rd2 Rc2 40. Ne4 f5
41. Rxc2 dxc2 42. Nc5+ Kxb6 43. Nb3 Nd3 0-1

[Event "Bahn-SC Wuppertal 1 - SK Münster 1"]
[Site "NRW-Klasse, Gruppe 2 2014/201"]
[Date "2014.10.05"]
[Round "2.7"]
[White "Rott, Georg"]
[Black "Peters, Ortwin"]
[Result "1/2-1/2"]
[WhiteElo "2136"]
[BlackElo "1968"]
[PlyCount "125"]
[EventDate "2014.??.??"]
[WhiteTeam "SK Münster 1"]
[BlackTeam "Bahn-SC Wuppertal 1"]

1. e4 Nf6 2. e5 Nd5 3. d4 d6 4. Bc4 Nb6 5. Bb3 dxe5 6. Qh5 e6 7. dxe5 a5 8. a4
Na6 9. Nf3 Nc5 10. Ng5 Qe7 11. Nc3 g6 12. Qh3 Bg7 13. f4 h6 14. Nf3 Bd7 15. Bd2
Nxb3 16. cxb3 Bc6 17. Nd4 Bd5 18. O-O c6 19. Qe3 Qd8 20. Qf2 O-O 21. Be3 Nd7
22. Nxd5 exd5 23. e6 Nf6 24. exf7+ Rxf7 25. Ne6 Qd7 26. Nxg7 Rxg7 27. Qh4 Qf5
28. Bd4 Rf7 29. Rae1 Ne4 30. g4 Qe6 31. Kh1 Kh7 32. f5 gxf5 33. gxf5 Qd6 34. f6
Rg8 35. Qh5 Qe6 36. Re3 Rg6 37. Qe2 Qg4 38. Qxg4 Rxg4 39. Bb6 Nd2 40. Re7 Kg6
41. Rg1 Rxg1+ 42. Kxg1 Kxf6 43. Re3 Ne4 44. Bxa5 Kg5 45. b4 Kf4 46. Rd3 Ke5 47.
Bb6 Rf5 48. Bd4+ Ke6 49. a5 Ng5 50. Re3+ Ne4 51. a6 bxa6 52. Ra3 Nd2 53. Kg2
Rg5+ 54. Kf2 Ne4+ 55. Kf3 Kf5 56. Be3 Rg6 57. Rxa6 Ng5+ 58. Ke2 Re6 59. Kf2
Ne4+ 60. Kf3 Ng5+ 61. Kf2 Ne4+ 62. Kf3 Ng5+ 63. Kf2 1/2-1/2

[Event "Bahn-SC Wuppertal 1 - SK Münster 1"]
[Site "NRW-Klasse, Gruppe 2 2014/201"]
[Date "2014.10.05"]
[Round "2.8"]
[White "Bashilin, Roman"]
[Black "Rehfeldt, Frank"]
[Result "1/2-1/2"]
[WhiteElo "2211"]
[BlackElo "2141"]
[PlyCount "54"]
[EventDate "2014.??.??"]
[WhiteTeam "Bahn-SC Wuppertal 1"]
[BlackTeam "SK Münster 1"]

1. d4 d5 2. Nf3 Nf6 3. Bg5 Bf5 4. e3 e6 5. Bd3 Bxd3 6. cxd3 Be7 7. Ne5 h6 8.
Bh4 Nfd7 9. Bxe7 Qxe7 10. f4 Nxe5 11. dxe5 Qb4+ 12. Nd2 Qxb2 13. O-O O-O 14. d4
c5 15. f5 exf5 16. Rb1 Qa3 17. Rb3 Qa4 18. Qb1 Nc6 19. dxc5 Rae8 20. Rxf5 Nxe5
21. Rxb7 Qa6 22. Nf1 g6 23. Rf4 Nd3 24. Rd4 Nxc5 25. Rb2 Ne4 26. Qd3 Qxd3 27.
Rxd3 Rb8 1/2-1/2

[Event "SF Katernberg 2 - Herforder SV Königssp"]
[Site "NRW-Klasse, Gruppe 2 2014/201"]
[Date "2014.10.05"]
[Round "2.1"]
[White "Nordsieck, Thomas"]
[Black "Scholz, Christian"]
[Result "1/2-1/2"]
[WhiteElo "2276"]
[BlackElo "2280"]
[Annotator "Hausrath,Daniel"]
[PlyCount "79"]
[EventDate "2014.??.??"]
[WhiteTeam "Herforder SV Königsspringer 1"]
[BlackTeam "SF Katernberg 2"]

1. e4 c5 2. c3 Nf6 3. e5 Nd5 4. d4 cxd4 5. cxd4 d6 6. Bc4 e6 7. Nf3 Nb6 8. Bd3
Bd7 9. O-O Bc6 10. Re1 N8d7 11. Ng5 Qc7 12. Nc3 dxe5 13. dxe5 Be7 14. Qh5 g6
15. Qh6 Bf8 16. Qh3 Nc5 17. Bf1 Nd5 18. Nxd5 Bxd5 19. Bb5+ Bc6 20. Bxc6+ bxc6
21. Bf4 h6 22. Ne4 Nxe4 23. Rxe4 Bg7 24. Qc3 O-O 25. Rc1 Rfd8 26. Rc4 Rac8 27.
h4 Rd5 28. Rxc6 Qxc6 29. Qxc6 Rxc6 30. Rxc6 Bxe5 31. Bxe5 Rxe5 32. Ra6 Rb5 $11
33. b3 Rb7 34. g3 Kg7 35. Kg2 Re7 36. Kf3 f5 37. b4 g5 38. hxg5 hxg5 39. b5 Kf6
40. a4 1/2-1/2

[Event "SF Katernberg 2 - Herforder SV Königssp"]
[Site "NRW-Klasse, Gruppe 2 2014/201"]
[Date "2014.10.05"]
[Round "2.2"]
[White "Hoolt, Sarah"]
[Black "Wolf, Andre"]
[Result "1/2-1/2"]
[WhiteElo "2300"]
[BlackElo "2143"]
[PlyCount "80"]
[EventDate "2014.??.??"]
[WhiteTeam "SF Katernberg 2"]
[BlackTeam "Herforder SV Königsspringer 1"]

1. e4 c5 2. Nf3 g6 3. d4 cxd4 4. Nxd4 Nc6 5. c4 Nf6 6. Nc3 d6 7. Nc2 Bg7 8. Be2
O-O 9. O-O Nd7 10. Bd2 Nc5 11. f3 Ne6 12. Be3 Bxc3 13. bxc3 Qa5 14. Qe1 Nc5 15.
Nb4 Be6 16. Nd5 f6 17. Rb1 Rab8 18. Qf2 b6 19. Bd1 Qa6 20. Bb3 Bf7 21. Qh4 Be6
22. Rbe1 Rf7 23. f4 Nxe4 24. c5 Qa5 25. Bd4 f5 26. Rxe4 fxe4 27. f5 Nxd4 28.
cxd4 Qd2 29. Nxe7+ Rxe7 30. Qxe7 Qxd4+ 31. Kh1 Bxb3 32. fxg6 Qg7 33. gxh7+ Kxh7
34. Qxe4+ Qg6 35. Qe7+ Qg7 36. Qh4+ Qh6 37. Qe4+ Qg6 38. Qe7+ Qg7 39. Qh4+ Qh6
40. Qe4+ Qg6 1/2-1/2

[Event "SF Katernberg 2 - Herforder SV Königssp"]
[Site "NRW-Klasse, Gruppe 2 2014/201"]
[Date "2014.10.05"]
[Round "2.3"]
[White "Loemker, Michael"]
[Black "Rosen, Bernd"]
[Result "1/2-1/2"]
[WhiteElo "2092"]
[BlackElo "2277"]
[PlyCount "46"]
[EventDate "2014.??.??"]
[WhiteTeam "Herforder SV Königsspringer 1"]
[BlackTeam "SF Katernberg 2"]

1. d4 Nf6 2. c4 c5 3. d5 e5 4. Nc3 d6 5. e4 Nbd7 6. Be2 Be7 7. Nf3 Nf8 8. O-O
Ng6 9. Ne1 O-O 10. Nd3 Ne8 11. a3 Bg5 12. b4 b6 13. f3 f5 14. exf5 Bxf5 15. Ne4
Bxc1 16. Qxc1 Bxe4 17. fxe4 Rxf1+ 18. Bxf1 Qh4 19. Nf2 Nf6 20. g3 Qh5 21. Bh3
Qe2 22. Bf1 Qf3 23. Bg2 Qe2 1/2-1/2

[Event "SF Katernberg 2 - Herforder SV Königssp"]
[Site "NRW-Klasse, Gruppe 2 2014/201"]
[Date "2014.10.05"]
[Round "2.4"]
[White "Bee, Marcus"]
[Black "Quelle, Helmut"]
[Result "1/2-1/2"]
[WhiteElo "2212"]
[BlackElo "2070"]
[PlyCount "41"]
[EventDate "2014.??.??"]
[WhiteTeam "SF Katernberg 2"]
[BlackTeam "Herforder SV Königsspringer 1"]

1. Nf3 Nf6 2. d4 g6 3. Bg5 Bg7 4. Nbd2 d5 5. c3 Nbd7 6. e3 O-O 7. Bd3 c6 8. O-O
Re8 9. h3 e5 10. dxe5 Nxe5 11. Nxe5 Rxe5 12. Nf3 Re8 13. Qc2 Qb6 14. Nd2 Nd7
15. e4 Ne5 16. Be3 Qd8 17. exd5 Nxd3 18. Qxd3 Bf5 19. Qc4 cxd5 20. Qa4 b5 21.
Qf4 1/2-1/2

[Event "SF Katernberg 2 - Herforder SV Königssp"]
[Site "NRW-Klasse, Gruppe 2 2014/201"]
[Date "2014.10.05"]
[Round "2.5"]
[White "Bykovskij, Sergej"]
[Black "Valkyser, Martin"]
[Result "1/2-1/2"]
[WhiteElo "2042"]
[BlackElo "2186"]
[PlyCount "31"]
[EventDate "2014.??.??"]
[WhiteTeam "Herforder SV Königsspringer 1"]
[BlackTeam "SF Katernberg 2"]

1. d4 Nf6 2. Nf3 c5 3. c3 e6 4. Bf4 d5 5. e3 Nc6 6. Bd3 Bd6 7. Bxd6 Qxd6 8.
Nbd2 O-O 9. O-O e5 10. dxe5 Nxe5 11. Nxe5 Qxe5 12. Qf3 Re8 13. Rfe1 Ne4 14.
Rad1 f5 15. Qh5 g6 16. Qh6 1/2-1/2

[Event "SF Katernberg 2 - Herforder SV Königssp"]
[Site "NRW-Klasse, Gruppe 2 2014/201"]
[Date "2014.10.05"]
[Round "2.6"]
[White "Gassmann, Volker"]
[Black "Heuermann, Heinz-Burkhard"]
[Result "1-0"]
[WhiteElo "2141"]
[BlackElo "1951"]
[PlyCount "95"]
[EventDate "2014.??.??"]
[WhiteTeam "SF Katernberg 2"]
[BlackTeam "Herforder SV Königsspringer 1"]

1. d4 Nf6 2. c4 g6 3. Nc3 d5 4. cxd5 Nxd5 5. Bd2 Bg7 6. e4 Nxc3 7. Bxc3 O-O 8.
Bc4 c5 9. d5 Bxc3+ 10. bxc3 Qd6 11. Qd2 f5 12. exf5 Bxf5 13. Rd1 Nd7 14. Be2 a6
15. Nf3 b5 16. O-O Rad8 17. Qh6 Rf7 18. Ng5 Rg7 19. g4 Nf8 20. f4 Bc8 21. Ne4
Qb6 22. Kg2 Bb7 23. Qg5 e6 24. Bf3 Kh8 25. Qf6 Re8 26. c4 Nd7 27. Qa1 Rf8 28.
Ng5 Re8 29. Nxe6 Rxe6 30. dxe6 Bxf3+ 31. Kxf3 Qxe6 32. Rfe1 Qc6+ 33. Kg3 Kg8
34. Re8+ Nf8 35. Qe5 Rf7 36. Qb8 Qf6 37. Qe5 Qc6 38. g5 bxc4 39. Rdd8 c3 40.
Qb8 c2 41. Rxf8+ Rxf8 42. Rxf8+ Kg7 43. Rg8+ Kf7 44. Qf8+ Ke6 45. Qf6+ Kd5 46.
Rd8+ Kc4 47. Qxc6 c1=Q 48. Qxc5+ 1-0

[Event "SF Katernberg 2 - Herforder SV Königssp"]
[Site "NRW-Klasse, Gruppe 2 2014/201"]
[Date "2014.10.05"]
[Round "2.7"]
[White "Nußbaumer, Bernhard"]
[Black "Villwock, Martin"]
[Result "1-0"]
[WhiteElo "1742"]
[BlackElo "2169"]
[PlyCount "63"]
[EventDate "2014.??.??"]
[WhiteTeam "Herforder SV Königsspringer 1"]
[BlackTeam "SF Katernberg 2"]

1. c4 e5 2. Nc3 Bb4 3. Nd5 Be7 4. d4 d6 5. e4 Nf6 6. Nxe7 Qxe7 7. Bg5 exd4 8.
Qxd4 Qxe4+ 9. Ne2 Nc6 10. Qc3 Ne5 11. f3 Qg6 12. h4 Nh5 13. O-O-O h6 14. Qxe5+
Be6 15. Qb5+ c6 16. Qxb7 O-O 17. Nf4 Nxf4 18. Bxf4 Rfb8 19. Qe7 Rb4 20. Bxd6
Ra4 21. a3 Bxc4 22. Qe4 Qxe4 23. fxe4 Bxf1 24. Rhxf1 Rxe4 25. g3 Rae8 26. Bb4
Rg4 27. Rfe1 Rxe1 28. Bxe1 Re4 29. Rd8+ Kh7 30. Kd2 g5 31. hxg5 hxg5 32. Rd7
1-0

[Event "SF Katernberg 2 - Herforder SV Königssp"]
[Site "NRW-Klasse, Gruppe 2 2014/201"]
[Date "2014.10.05"]
[Round "2.8"]
[White "Kaeding, Rainer"]
[Black "Fuß, Jan"]
[Result "1-0"]
[WhiteElo "2129"]
[BlackElo "1689"]
[PlyCount "79"]
[EventDate "2014.??.??"]
[WhiteTeam "SF Katernberg 2"]
[BlackTeam "Herforder SV Königsspringer 1"]

1. e4 e5 2. Nf3 Nc6 3. Bb5 a6 4. Bxc6 dxc6 5. d4 Bg4 6. dxe5 Qxd1+ 7. Kxd1 Bc5
8. Ke2 Bd4 9. c3 Bxe5 10. h3 Bxf3+ 11. Kxf3 O-O-O 12. Be3 Nf6 13. Nd2 Rhe8 14.
Rad1 b6 15. g4 Nd7 16. Ke2 f6 17. Nc4 Re6 18. f3 Nf8 19. Rxd8+ Kxd8 20. f4 Bxf4
21. Rd1+ Ke7 22. Bxf4 Rxe4+ 23. Kf3 Rxc4 24. Bxc7 Ra4 25. Bxb6 Rxa2 26. Bc5+
Kf7 27. Ba3 Ne6 28. h4 Ke8 29. Ke4 Nc7 30. c4 Ne6 31. Kf5 Nf8 32. Re1+ Kd8 33.
Bxf8 Rxb2 34. Bxg7 Rf2+ 35. Ke6 Rf4 36. Bxf6+ Kc8 37. g5 Rxh4 38. g6 Rh6 39. g7
Rg6 40. Rh1 1-0

[Event "SF Neuenkirchen 1 - Gütersloher SV 1"]
[Site "NRW-Klasse, Gruppe 2 2014/201"]
[Date "2014.10.05"]
[Round "2.1"]
[White "Grochtmann, Stephan"]
[Black "Muschik, Benedikt"]
[Result "1/2-1/2"]
[WhiteElo "2055"]
[BlackElo "2305"]
[PlyCount "65"]
[EventDate "2014.??.??"]
[WhiteTeam "Gütersloher SV 1"]
[BlackTeam "SF Neuenkirchen 1"]

1. e4 g6 2. c4 Bg7 3. Nc3 d6 4. d4 a6 5. Be3 c6 6. Qd2 b5 7. f4 Nf6 8. e5 Ng4
9. Nf3 Nxe3 10. Qxe3 O-O 11. Bd3 Qb6 12. c5 dxc5 13. dxc5 Qa7 14. O-O Nd7 15.
b4 a5 16. Ne4 axb4 17. Rac1 Qxa2 18. Neg5 h6 19. Rc2 Qb3 20. Nd4 Qa4 21. Nxc6
Re8 22. e6 hxg5 23. exf7+ Kxf7 24. fxg5+ Nf6 25. gxf6 Bxf6 26. Ne5+ Kg7 27.
Nxg6 b3 28. Rcf2 Qd4 29. Qg3 Qg4 30. Qc7 Qd7 31. Qg3 Qg4 32. Qc7 Qd7 33. Qg3
1/2-1/2

[Event "SF Neuenkirchen 1 - Gütersloher SV 1"]
[Site "NRW-Klasse, Gruppe 2 2014/201"]
[Date "2014.10.05"]
[Round "2.2"]
[White "Hachmeister, Dirk"]
[Black "Ebert, Manuel"]
[Result "1-0"]
[WhiteElo "2171"]
[BlackElo "2106"]
[PlyCount "89"]
[EventDate "2014.??.??"]
[WhiteTeam "SF Neuenkirchen 1"]
[BlackTeam "Gütersloher SV 1"]

1. Nf3 Nf6 2. g3 g6 3. Bg2 Bg7 4. O-O O-O 5. c4 d6 6. Nc3 Nc6 7. Rb1 Nh5 8. d3
f5 9. Bd2 f4 10. b4 e5 11. b5 Ne7 12. Ng5 h6 13. Nge4 Be6 14. Qb3 Qd7 15. Nd5
Nf5 16. Bc3 Nd4 17. Bxd4 exd4 18. Nd2 Kh8 19. Rfe1 g5 20. Nb4 Qc8 21. Qa4 Bh3
22. Bh1 Be5 23. Bf3 fxg3 24. hxg3 Qf5 25. Ne4 Nf6 26. Rf1 Bxf1 27. Rxf1 Nxe4
28. Bxe4 Qf7 29. Kg2 Rfb8 30. Qa5 Kg7 31. Nd5 c6 32. bxc6 bxc6 33. Nc7 d5 34.
Nxa8 Rxa8 35. cxd5 Rf8 36. dxc6 Bxg3 37. Bd5 Qc7 38. Qxc7+ Bxc7 39. Rb1 Bb6 40.
Be6 Kf6 41. Bg4 Rf7 42. Rb5 Re7 43. Rd5 Re5 44. Rd6+ Kg7 45. c7 1-0

[Event "SF Neuenkirchen 1 - Gütersloher SV 1"]
[Site "NRW-Klasse, Gruppe 2 2014/201"]
[Date "2014.10.05"]
[Round "2.3"]
[White "Plaßmann, Dominik"]
[Black "Buendgen, Achim"]
[Result "1/2-1/2"]
[WhiteElo "1999"]
[BlackElo "2166"]
[Annotator "Hausrath,Daniel"]
[PlyCount "86"]
[EventDate "2014.??.??"]
[WhiteTeam "Gütersloher SV 1"]
[BlackTeam "SF Neuenkirchen 1"]

1. e4 e5 2. Nc3 Nf6 3. f4 d5 4. fxe5 Nxe4 5. Qf3 Nc6 6. Bb5 Nxc3 7. bxc3 Qh4+
8. g3 Qe4+ 9. Qxe4 dxe4 10. Bxc6+ bxc6 11. Ne2 c5 12. c4 Ba6 13. d3 Be7 14. O-O
Rd8 15. Nf4 c6 16. Bb2 O-O 17. Rad1 exd3 18. cxd3 Bc8 19. Rfe1 Bg4 20. Rd2 g5
21. Ng2 Rd7 22. Ne3 Be6 23. g4 $11 Rb8 24. Bc3 Rdb7 25. Rdd1 Bf8 26. Kg2 Rd7
27. Kf3 Rbd8 28. Ke4 a5 29. Nf5 Bxc4 30. Bxa5 Bd5+ 31. Ke3 Ra8 32. Bd2 Rxa2 33.
Ra1 Rxa1 34. Rxa1 Rd8 35. Kf2 h6 36. h4 gxh4 37. Bxh6 Bxh6 38. Nxh6+ Kg7 39.
Nf5+ Kg6 40. Nxh4+ Kg5 41. Kg3 Be6 42. Nf3+ Kg6 43. Ra3 c4 1/2-1/2

[Event "SF Neuenkirchen 1 - Gütersloher SV 1"]
[Site "NRW-Klasse, Gruppe 2 2014/201"]
[Date "2014.10.05"]
[Round "2.4"]
[White "Haves, Reinhard"]
[Black "Hanhoerster, Stephan"]
[Result "1/2-1/2"]
[WhiteElo "2124"]
[BlackElo "2059"]
[PlyCount "132"]
[EventDate "2014.??.??"]
[WhiteTeam "SF Neuenkirchen 1"]
[BlackTeam "Gütersloher SV 1"]

1. d4 d5 2. Nf3 Nf6 3. g3 e6 4. Bg2 Be7 5. c4 O-O 6. O-O dxc4 7. Ne5 Nc6 8.
Nxc6 bxc6 9. Qc2 Rb8 10. Rd1 Ba6 11. Nc3 Nd5 12. a3 Qe8 13. Ne4 f5 14. Nd2 c5
15. dxc5 Bb5 16. a4 Nb4 17. Qc3 Bxa4 18. Rf1 Nd5 19. Qa5 Bb5 20. Qa2 Bxc5 21.
Nxc4 f4 22. b3 fxg3 23. hxg3 Qg6 24. e3 Qh5 25. Qc2 Nf6 26. f3 Nd5 27. Qe4 Rbe8
28. Kf2 Nf6 29. Qh4 Ng4+ 30. Kg1 Qxh4 31. gxh4 Bxc4 32. bxc4 Nxe3 33. Bxe3
Bxe3+ 34. Kh2 Rf4 35. Rae1 Rxh4+ 36. Kg3 Bg5 37. f4 Bf6 38. Bd5 Rh6 39. Rxe6
Rxe6 40. Bxe6+ Kf8 41. f5 Be5+ 42. Kg4 Rh2 43. Rd1 h5+ 44. Kg5 Rg2+ 45. Kxh5
Bd6 46. Bd5 Rg3 47. Kh4 Re3 48. Ra1 Ke7 49. Rxa7 Kf6 50. c5 Be5 51. Ra6+ Kxf5
52. Be6+ Ke4 53. Ra4+ Bd4 54. c6 Ke5 55. Bd7 Re4+ 56. Kh3 Kf6 57. Rc4 g5 58.
Rc2 Ke5 59. Bg4 Kf4 60. Re2 Be3 61. Re1 Ke5 62. Re2 Kd4 63. Kg3 Re8 64. Bf5 Re5
65. Bg4 Bf4+ 66. Kf3 Rxe2 1/2-1/2

[Event "SF Neuenkirchen 1 - Gütersloher SV 1"]
[Site "NRW-Klasse, Gruppe 2 2014/201"]
[Date "2014.10.05"]
[Round "2.5"]
[White "Janyska, Dennis"]
[Black "Seegers, Hendrik"]
[Result "0-1"]
[WhiteElo "1995"]
[BlackElo "2133"]
[PlyCount "124"]
[EventDate "2014.??.??"]
[WhiteTeam "Gütersloher SV 1"]
[BlackTeam "SF Neuenkirchen 1"]

1. d4 d5 2. Nf3 e6 3. c4 c6 4. cxd5 exd5 5. Nc3 Nf6 6. Bg5 Be7 7. Qc2 Bg4 8.
Ne5 Bh5 9. e3 Nbd7 10. Nxd7 Qxd7 11. h3 O-O 12. Bd3 Bg6 13. Bxg6 fxg6 14. Rb1
Bd6 15. b4 Rae8 16. Bxf6 Rxf6 17. b5 Ref8 18. bxc6 bxc6 19. Nd1 Qe7 20. Qd3 Qf7
21. Rb2 g5 22. a3 Qe7 23. a4 Qc7 24. Qa6 R8f7 25. Rc2 Bb4+ 26. Ke2 c5 27. Qb5
a6 28. Qe8+ Rf8 29. Qe5 Qxe5 30. dxe5 Rf5 31. e6 Re8 32. Nb2 c4 33. a5 Rxe6 34.
Na4 Bxa5 35. Rd1 Bb4 36. Nc3 Bxc3 37. Rxc3 Rb6 38. Rd2 Kf7 39. Ra3 Re5 40. Ra5
Ke6 41. Rda2 d4 42. Rxa6 d3+ 43. Kd2 Reb5 44. Rxb6+ Rxb6 45. Kc3 Rd6 46. Rd2
Kd5 47. Ra2 Kc5 48. Ra5+ Kb6 49. Ra2 Kb5 50. Rb2+ Kc5 51. Ra2 Rb6 52. Ra5+ Rb5
53. Rxb5+ Kxb5 54. e4 Kc5 55. f3 Kd6 56. Kd2 h5 57. g4 g6 58. Kc3 Ke5 59. Kd2
Kd4 60. Kc1 c3 61. Kd1 c2+ 62. Kd2 Kc4 0-1